[Event "Penang op 11th"]
[Site "Penang"]
[Date "2019.12.10"]
[Round "2"]
[White "Lim, Kian Hwa"]
[Black "Narayanan, Sri Shiva Kumar"]
[Result "1-0"]
[WhiteElo "1718"]
[BlackElo "1408"]
[PlyCount "59"]
[EventDate "2019.12.09"]
[EventType "swiss"]
[EventRounds "9"]
[EventCountry "MAS"]
[SourceTitle "CBM 193 Extra"]
[Source "ChessBase"]
[SourceDate "2020.01.31"]
[SourceVersion "1"]
[SourceVersionDate "2020.01.31"]
[SourceQuality "1"]

1. e4 e6 2. d4 d5 3. Nc3 c5 4. exd5 exd5 5. dxc5 d4 6. Ne4 Qd5 7. Qe2 Be6 8. Nf3 h6 9. Bf4 a6 10. Nd6+ Bxd6 11. Bxd6 Nc6 12. a3 Nge7 13. Rd1 Nf5 14. c4 d3 15. Qxd3 Qxd3 16. Bxd3 Nxd6 17. cxd6 Bg4 18. 0-0 Kd7 19. c5 Rhe8 20. Rfe1 g6 21. Be4 Rab8 22. b4 Bxf3 23. Bxf3 Rxe1+ 24. Rxe1 f5 25. Bd5 Rf8 26. Re6 Re8 27. Rxe8 Kxe8 28. Bxc6+ bxc6 29. f4 Kd7 30. h4 1-0

[Event "Penang op 11th"]
[Site "Penang"]
[Date "2019.12.10"]
[Round "3"]
[White "Narayanan, Sri Shiva Kumar"]
[Black "Ang, Jing Xuan"]
[Result "0-1"]
[WhiteElo "1408"]
[BlackElo "1610"]
[PlyCount "48"]
[EventDate "2019.12.09"]
[EventType "swiss"]
[EventRounds "9"]
[EventCountry "MAS"]
[SourceTitle "CBM 193 Extra"]
[Source "ChessBase"]
[SourceDate "2020.01.31"]
[SourceVersion "1"]
[SourceVersionDate "2020.01.31"]
[SourceQuality "1"]

1. d4 Nf6 2. Bf4 g6 3. e3 Bg7 4. Nf3 d6 5. h3 0-0 6. Bc4 Nc6 7. Nbd2 Nd7 8. c3 e5 9. Bg3 Kh8 10. d5 Ncb8 11. Qc2 f5 12. Nb3 Nb6 13. Nfd2 f4 14. Bh2 fxe3 15. fxe3 Nxc4 16. 0-0-0 Nxe3 17. Qe4 Nxd1 18. Rxd1 Nd7 19. g4 Nf6 20. Qg2 b6 21. g5 Nh5 22. Ne4 Nf4 23. Qd2 Bf5 24. Nf6 Nd3+ 0-1

[Event "Penang op 11th"]
[Site "Penang"]
[Date "2019.12.09"]
[Round "1"]
[White "Narayanan, Sri Shiva Kumar"]
[Black "Khandhar, Kaushal"]
[Result "0-1"]
[WhiteElo "1408"]
[BlackElo "1957"]
[PlyCount "47"]
[EventDate "2019.12.09"]
[EventType "swiss"]
[EventRounds "9"]
[EventCountry "MAS"]
[SourceTitle "CBM 193 Extra"]
[Source "ChessBase"]
[SourceDate "2020.01.31"]
[SourceVersion "1"]
[SourceVersionDate "2020.01.31"]
[SourceQuality "1"]

1. e4 e6 2. d4 d5 3. Nc3 Nf6 4. e5 Nfd7 5. Nf3 c5 6. Be3 Nc6 7. Bb5 cxd4 8. Bxd4 a6 9. Be2 Nxd4 10. Qxd4 Bc5 11. Qg4 0-0 12. Bd3 f5 13. Qf4 b5 14. a3 Bb7 15. Ne2 Rc8 16. Ned4 Qe7 17. 0-0 Ba7 18. c3 Nc5 19. Bc2 Ne4 20. h4 h6 21. Bd3 g5 22. hxg5 hxg5 23. Qe3 f4 24. Nd2 0-1

[Event "Penang op 10th"]
[Site "Penang"]
[Date "2018.12.07"]
[Round "7"]
[White "Narayanan, Sri Shiva Kumar"]
[Black "Chembeti, Shreesh Amit"]
[Result "0-1"]
[WhiteElo "1448"]
[BlackElo "1676"]
[PlyCount "56"]
[EventDate "2018.12.03"]
[EventType "swiss"]
[EventRounds "9"]
[EventCountry "MAS"]
[SourceTitle "CBM 187 Extra"]
[Source "ChessBase"]
[SourceDate "2018.11.04"]
[SourceVersion "1"]
[SourceVersionDate "2018.11.04"]
[SourceQuality "1"]

1. d4 d5 2. Bf4 Nf6 3. Nf3 e6 4. e3 Bd6 5. Bg3 0-0 6. Nbd2 c5 7. c3 Nc6 8. Bd3 Qe7 9. Ne5 Nd7 10. Nxd7 Bxd7 11. Bxd6 Qxd6 12. dxc5 Qxc5 13. Bxh7+ Kxh7 14. Qh5+ Kg8 15. Ne4 Qc4 16. Ng5 Qd3 17. e4 Rfd8 18. Qxf7+ Kh8 19. Qg6 Kg8 20. Rd1 Qc4 21. Qf7+ Kh8 22. Qh5+ Kg8 23. h4 Ne5 24. Qh7+ Kf8 25. Qh8+ Ke7 26. Qxg7+ Kd6 27. Nf7+ Nxf7 28. Qxf7 Qxe4+ 0-1